| 000 | 03014cam a2200361 i 4500 | ||
|---|---|---|---|
| 003 | SA-RiAUC | ||
| 005 | 20241104142314.0 | ||
| 008 | 241103s2008 le g b 00010 ara c | ||
| 020 | _a9782745112774 | ||
| 020 | _a2745112775 | ||
| 024 | 0 | _a66000000002626 | |
| 024 | 0 | _a66000000002627 | |
| 040 |
_aOQUL _bara _cSA-RiAUC _erda |
||
| 050 | 4 | _bA35 2008 | |
| 082 | 0 | 4 |
_a258.3 _qSA-RiAUC |
| 090 |
_a258.3 _bت ق ي |
||
| 100 | 1 |
_aتقي الدين الحصني، أبو بكر بن محمد بن عبد المؤمن، _d752-829 هجري _eمؤلف. |
|
| 245 | 1 | 0 |
_aكفاية الأخيار في حل غاية الاختصار / _cتأليف الإمام تقي الدين أبي بكر بن محمد الحسيني الحصني الدمشقي الشافعي ؛ تحقيق وتعليق الشيخ كامل محمد محمد عويضة. |
| 250 | _aالطبعة الخامسة. | ||
| 264 | 1 |
_aبيروت : _bدار الكتب العلمية، _c2008 |
|
| 300 |
_a744 صفحة ؛ _c24 سم |
||
| 336 |
_aنص _btxt _2rdacontent _3كتاب |
||
| 337 |
_aبدون وسيط _bn _2rdamedia |
||
| 338 |
_aمجلد _bnc _2rdacarrier |
||
| 504 | _aيشتمل على إرجاعات ببليوجرافية. | ||
| 650 | 7 |
_aالفقه الشافعي _2aucsh |
|
| 700 | 1 |
_aعويضة، كامل محمد محمد _eمحقق. |
|
| 700 | 1 | 2 |
_iشرح لـ (عمل) : _aالأصفهاني، أحمد بن الحسين بن أحمد، _d533-593 هجري. _tغاية الاختصار في الفقه على مذهب الإمام الأعظم الشافعي. |
| 856 |
_uhttp://dlib.nyu.edu/aco/book/cornell_aco000525/1?lang=ar _yDigital Copy _2 نرجو الانتباه لإمكانية وجود اختلاف في الطبعة أو الناشر بين البيانات على البوابة وما ستجده على الكتاب نظرا لمحدودية المعلومات المتاحة على الموقع الناشر للمادة. _3Please note that there may be a difference in the edition or publisher between the data on the portal and the book due to the limited information available on the publisher website for the material. |
||
| 856 |
_uhttp://dl-img.home.nyu.edu/adore-djatoka/resolver?url_ver=Z39.88-2004&svc_id=info%3Alanl-repo/svc/getRegion&svc_val_fmt=info%3Aofi/fmt%3Akev%3Amtx%3Ajpeg2000&svc.format=image/jpeg&rft_id=http%3A//dlib.nyu.edu/files/books/cornell_aco000525/cornell_aco000525_afr01_d.jp2&svc.scale=230 _yCoverImage _2 نرجو الانتباه لإمكانية وجود اختلاف في الطبعة أو الناشر بين البيانات على البوابة وما ستجده على الكتاب نظرا لمحدودية المعلومات المتاحة على الموقع الناشر للمادة. _3Please note that there may be a difference in the edition or publisher between the data on the portal and the book due to the limited information available on the publisher website for the material. |
||
| 942 |
_2ddc _cBOOK _n0 |
||
| 949 |
_aSA-JeALM _d241103 _umohamedma123 _n1 |
||
| 999 |
_c2052 _d2052 |
||